Most Played Taylor Swift Surprise Songs by Album - Statistics

General Stats
  • This quiz has been taken 97 times
    53 since last reset
  • The average score is 12 of 18
Answer Stats
Answer % Correct
You're On Your Own, Kid
91%
Getaway Car
83%
Our Song
83%
Out Of The Woods
79%
Red
77%
exile
72%
Death By A Thousand Cuts
68%
Haunted
66%
White Horse
66%
Fifteen
62%
Hey Stephen
62%
Mr. Perfectly Fine
62%
cowboy like me
60%
Guilty As Sin?
60%
My Boy Only Breaks His Favorite Toys
60%
The Black Dog
60%
loml
51%
The Other Side Of The Door
49%
No matching quizzes found
Score Distribution
Percent of People with Each Score
Percentile by Number Answered
Your Score History
You have not taken this quiz since the last reset